Drake song by Synonyms - Statistics

General Stats
  • This quiz has been taken 43 times
  • The average score is 4 of 10
Answer Stats
Hint Answer % Correct
Women Desire Women Girls Want Girls
97%
Don't Let Go, We Are Returning To Our Residence Hold On, We're Going Home
75%
Rainforest Jungle
75%
Continuous Nonstop
42%
Most Distant Object Furthest Thing
39%
The Movement The Motion
31%
Impoverished Men Broke Boys
25%
One More Long Evening Another Late Night
17%
Avoid interrupting Do Not Disturb
17%
Biological 24 Hour Cycle Circadian Rhythm
11%
No matching quizzes found
Score Distribution
Percent of People with Each Score
Percentile by Number Answered
Your Score History
You have not taken this quiz